Регионална библиотека "Любен Каравелов" - Русе

Психология на професионално-педагогическото общуване (Запис номер 328147)

MARC детайли
000 -Лидер
Контролно поле с фиксирана дължина 01506nam a2200289 a 4500
003 - Код на организацията, давaща контролен номер
Контролно поле BLK
005 - Дата и час на последна редакция
Контролно поле 20241205130924.0
008 - Елементи от данни с фиксирана дължина
fixed length control field 181219b bu ||||| |||| 00| 0 bu d
020 ## - Международен стандартен номер на книга ISBN
Международен стандартен номер на книга ISBN 978-954-07-4481-0
040 ## - Източник на каталожния запис
Идентификатор на билиотеката - собственик на записа BLK
041 ## - Код за език
Код за езика на текст/звукозапис или на отделно заглавие Български
Код за езика КДБФ Български
080 ## - УДК
Текстов определител УДК Учителска професия - Права и обществено положение, отговорност, условия на труд, организация на труда и др.
УДК код - определител по УДК 37.08
УДК - код + определител 37.08
080 ## - УДК
Текстов определител УДК Образование и статут на учителите и преподавателите. Педагогическа етика - Квалификация на учителите, положение в професията и обществото. Вж и 174
УДК код - определител по УДК 371.13/.16
УДК - код + определител 371.13/.16
100 ## - Редна дума - Автор
R(LIN) 293467
Автор Иванов, Стойко Ванчев
Авторска отговорност първи автор
139 ## - Редно поле
Редна дума Иванов, Стойко Ванчев
Авторски знак Иванов - И 21
245 ## - Сведения за заглавието
Заглавие Психология на професионално-педагогическото общуване
Редно поле (дума) Стойко Иванов
257 ## - Страна на издаване
Страна на създаване/издаване България
260 ## - Област на издателските данни
9 (RLIN) 209716
Място на издаване, разпространение и проч. София
Име на издателя, разпространителя и проч. Унив. изд. Св. Климент Охридски
Година на издаване 2018
300 ## - Физическа характеристика
Страници 336 с.
Размери/Мащаб 24 см
380 ## - Жанр
Жанр Обществени науки
504 ## - Забележка за наличие на библиография и др
Забележка за наличие на библиография и под. Библиогр.: с. 326-335
650 #0 - Допълнително описание по предмет – тема
9 (RLIN) 245694
Основно описание – тема или топоним Учители - подготовка
650 #0 - Допълнително описание по предмет – тема
9 (RLIN) 272682
Основно описание – тема или топоним Учители - психология
852 ## - Местоположение
Систематично-азбучна сигнатура П 37.08/И 21
999 ## - СИСТЕМНИ КОНТРОЛНИ НОМЕРА
Koha biblionumber 328147
Koha biblioitemnumber 328147
942 ## - АРТИКУЛИ
Вид на библиотечния материал Книги
Скрит в OPAC Не
Koha issues (borrowed), all copies 14
944 ## - СЪЗДАВАНЕ И РЕДАКЦИЯ на ЗАПИСА
Служител, извършил регистрацията/редакцията 30531
Статус, дата на статуса Цветелина Шанова
Наличности
Код за отписване Код за изгубен артикул Източник на класификационната схема Код за повреда Код за отдаване Артикулен № Име на библиотеката - собственик Име на библиотеката, в която се намира в момента Статус (Текущо местоположение) Дата на вписване в системата Местоположение - отдел Цена в лева Систематично азбучна сигнатура Баркод Цена в евро Служебен тип на артикула Коз за рестрикции
  Не е изгубен Universal Decimal Classification Не е повреден заемане за дома 688065 Регионална библиотека "Любен Каравелов" Русе Регионална библиотека "Любен Каравелов" Русе Заемна - подръчен фонд 2019-01-02 Заемна - подръчен фонд 16.00 37/И 21 С 120000828604 8.18 Книги  
  Не е изгубен Universal Decimal Classification Не е повреден заемане за дома 792619 Регионална библиотека "Любен Каравелов" Русе Регионална библиотека "Любен Каравелов" Русе Количка 2020-08-20 Заемна - подръчен фонд 11.20 37/И 21 С 120000845733 5.73 Книги без рестрикции
Vip Innovations Ltd, Rousse, Bulgaria 2025